| 000 | 00000nam 2200000zi 4500 |
| 001 | 9.945546 |
| 003 | CaOODSP |
| 005 | 20241125153640 |
| 006 | m o d f |
| 007 | cr |n||||||||| |
| 008 | 241125s1980 onc o f000 0 fre d |
| 040 | |aCaOODSP|bfre|erda|cCaOODSP |
| 043 | |an-cn---|aaw-----|aff----- |
| 086 | 1 |aE2-495/1980F-PDF |
| 245 | 00|aRapport final du représentant spécial du gouvernement du Canada concernant le Moyen-Orient et l'Afrique du Nord. |
| 264 | 1|aOttawa, Canada : |bGouvernement du Canada, |c[1980] |
| 300 | |a1 ressource en ligne (32 pages) |
| 336 | |atexte|btxt|2rdacontent/fre |
| 337 | |ainformatique|bc|2rdamedia/fre |
| 338 | |aressource en ligne|bcr|2rdacarrier/fre |
| 500 | |aÉdition numérisée de l'imprimée [par Direction des publications du Gouvernement du Canada]. |
| 500 | |aPublié aussi en anglais sous le titre : Final report of the Special Representative of the Government of Canada respecting the Middle East and North Africa. |
| 650 | 6|aRelations judéo-arabes. |
| 651 | 6|aCanada|xRelations extérieures|zMoyen-Orient. |
| 651 | 6|aMoyen-Orient|xRelations extérieures|zCanada. |
| 651 | 6|aCanada|xRelations extérieures|zAfrique du Nord. |
| 651 | 6|aAfrique du Nord|xRelations extérieures|zCanada. |
| 710 | 1 |aCanada.|bAffaires extérieures et Commerce extérieur, |eorganisme de publication. |
| 775 | 08|tFinal report of the Special Representative of the Government of Canada respecting the Middle East and North Africa.|w(CaOODSP)9.902184 |
| 856 | 40|qPDF|s2.87 Mo|uhttps://publications.gc.ca/collections/collection_2024/amc-gac/E2-495-1980-fra.pdf |